| 000 | 01670nam a2200289 a 4500 | ||
|---|---|---|---|
| 001 | 000010820 | ||
| 005 | 20200929162309.0 | ||
| 008 | 091012s2005 es ad 001 0 spa d | ||
| 020 | _a8474326508 | ||
| 040 |
_aDO-SdBNP _bspa _cBNPHU |
||
| 082 |
_a302.2 _bM298n |
||
| 100 | 1 |
_aMirabito, Michael M. _d1956- _926138 |
|
| 245 | 1 | 4 |
_aLas nuevas tecnologías de la comunicación / _cMichael M. A. Mirabito ; traductor José A. Álvarez. |
| 260 |
_aBarcelona : _bGedisa, _c2005. |
||
| 300 |
_a415 p. : _bil., gráf. |
||
| 490 | 1 |
_aMultimedia _v14 |
|
| 500 | _aCon la contribuciones de Barbara L. Morgenstern | ||
| 500 | _aIncluye índice | ||
| 504 | _aIncluye referencias bibliográficas | ||
| 505 | 2 | _aPrefacio -- Introducción -- Público -- Agradecimientos -- Declinación de responsabilidad -- La comunicación en la época moderna -- Bases técnicas de la comunicaciones modernas -- Introducción a la teclogía computacional -- Almacenamiento, recuperación y comunicación de la información -- La tecnología de las fibras ópticas -- Satélites -- La autoedición -- Los medios personales: la multimedia y el vídeo de escritorio --La tecnelogía computacional en las industrias de la radio y la televisión -- Servicios de información : el teletexto y los sistema interactivos -- Las teleconferencias -- Glosario -- Epílogo -- índice temático. | |
| 534 |
_pTítulo original en inglés _tThe new communications tecnologues |
||
| 650 | 4 |
_aMedios de comunicación de masas _950 |
|
| 650 | 4 |
_aComunicación _xInnovaciones tecnológicas _926139 |
|
| 700 | 1 |
_aÁlvarez, José A. _etrad. _926092 |
|
| 830 | 0 |
_aGedisa Multimedia _v14 _926140 |
|
| 049 |
_aBNPD _pspa |
||
| 999 |
_c10569 _d10569 |
||